000 00702nam a2200205Ia 4500
003 GCL
005 20240530105217.0
008 140319s9999 xx 000 0 ara d
040 _aGCL /
_cGCL
082 0 4 _a370.1934
_bف ت
100 1 _aفؤاد بسيونى
245 1 0 _aالتربية ومشكلة الامومة والطفولة: رؤية عصرية لبعض مشكلات المجتمع وعلاقتها بالتربية /
_cفؤاد بسيونى
260 _a[S.N] :
_bدار المعرفة الجامعية ،
_c1990
300 _a176 ص
650 0 4 _aالاطفال
650 0 4 _aتعليم الاطفال
650 0 4 _aالامومة
650 0 4 _aالرعاية
942 _2ddc
_cBK
999 _c53983
_d53983